| 000 | 00000nam 2200000za 4500 |
| 001 | 9.840600 |
| 003 | CaOODSP |
| 005 | 20221107151902 |
| 007 | cr ||||||||||| |
| 008 | 170728q2010 onc #o f000 0 eng d |
| 040 | |aCaOODSP|beng |
| 043 | |an-cn--- |
| 086 | 1 |aHP35-89/2010E-PDF |
| 245 | 00|aInventory of literature on the assessment and diagnosis of FASD among adults |h[electronic resource] / |cprepared for the Public Health Agency of Canada. |
| 260 | |a[Ottawa] : |bPublic Health Agency of Canada, |c[2010] |
| 300 | |a[37] p. |
| 500 | |aIssued also in French under title: Inventaire : l'évaluation et le diagnostic de l'ETCAF chez les adultes. |
| 500 | |aCover title. |
| 504 | |aIncludes bibliographic references. |
| 692 | 07|2gccst|aAlcohol consumption |
| 692 | 07|2gccst|aPregnancy |
| 710 | 2 |aPublic Health Agency of Canada. |
| 775 | 08|tInventaire |w(CaOODSP)9.840601 |
| 856 | 40|qPDF|s667 KB|uhttps://publications.gc.ca/collections/collection_2017/aspc-phac/HP35-89-2010-eng.pdf |